Happened in the United States - Sudden Death - Statistics

General Stats
  • This quiz has been taken 1,697 times
    407 since last reset
  • The average score is 6 of 13
Answers on the Grid
Answers color-coded by a green-red scale on the quiz's grid according to % correct below.
Bay of Pigs Invasion
Black Tuesday
Selma to Montgomrey March
Coconut Grove
Donner Party
Dust Bowl
Freedmen's Bureau
Ghost Dance
Jonestown Massacre
Ku Klux Klan
Maersk Alabama Hijacking
Man in the Red Bandana
Pearl Harbor
Sand Creek Massacre
Shot Heard Round the World
Sinking of the Lusitania
The Battle of Waterloo
The Serum Run
The Trapped 13
Zimmerman Telegram
 
Answer Stats
Answer % Correct
Ku Klux Klan
82%
Dust Bowl
74%
Selma to Montgomrey March
72%
Pearl Harbor
70%
Donner Party
54%
Black Tuesday
50%
Shot Heard Round the World
42%
Freedmen's Bureau
30%
Sand Creek Massacre
29%
Ghost Dance
24%
Coconut Grove
22%
Man in the Red Bandana
18%
The Serum Run
16%
No matching quizzes found
Score Distribution
Percent of People with Each Score
Percentile by Number Answered
Your Score History
You have not taken this quiz since the last reset